[Event "IND-ch U09 37th"]
[Site "Pune"]
[Date "2024.12.29"]
[Round "5"]
[White "Hriday, Garg"]
[Black "Aadwik, Abhinav Krishna"]
[Result "1-0"]
[WhiteElo "1525"]
[BlackElo "1647"]
[PlyCount "131"]
[EventDate "2024.12.27"]
[EventType "swiss"]
[EventRounds "11"]
[EventCountry "IND"]
[SourceTitle "CB02_2025"]
[SourceDate "2025.01.08"]
[SourceVersion "1"]
[SourceVersionDate "2025.01.08"]
[SourceQuality "1"]

1. e4 e5 2. Nf3 Nc6 3. Bc4 Bc5 4. c3 Nf6 5. d4 exd4 6. e5 d5 7. Bb5 Ne4 8. cxd4 Bb6 9. Nc3 0-0 10. Be3 f5 11. exf6 Nxf6 12. h3 a6 13. Bxc6 bxc6 14. 0-0 Bf5 15. Na4 Qd6 16. Rc1 Nd7 17. Nd2 Rae8 18. Nxb6 Nxb6 19. Rc3 Rf6 20. Qh5 Bg6 21. Qe2 h6 22. Rfc1 Qd7 23. Ra3 Qf7 24. Rxa6 Bf5 25. Nf3 Bc8 26. Rxb6 cxb6 27. Ne5 Qb7 28. Qh5 Ref8 29. Qd1 Bf5 30. Qb3 Kh7 31. Qc3 Rc8 32. a4 Qa6 33. Qa3 Qa7 34. b4 Ra8 35. Ra1 Qe7 36. Qc3 Ra6 37. Nxc6 Qc7 38. b5 Ra8 39. Qb3 Be4 40. Ne5 Qa7 41. f3 Bf5 42. Qxd5 Be6 43. Qe4+ Bf5 44. Qh4 Qc7 45. Rc1 Qa7 46. g4 Qxa4 47. gxf5 Qa3 48. Nc4 Qd3 49. Qe4 Qb3 50. Qxa8 Rf7 51. Qa3 Qxb5 52. Qd3 Qd5 53. f6+ g6 54. Ne5 Rxf6 55. Rc7+ Kg8 56. Bxh6 Qa2 57. Qc4+ Qxc4 58. Rxc4 b5 59. Rc8+ Kh7 60. Rc7+ Kg8 61. Rg7+ Kh8 62. Nf7+ Rxf7 63. Rxf7 b4 64. Bc1 b3 65. d5 Kg8 66. Rc7 1-0

[Event "IND-ch U09 37th"]
[Site "Pune"]
[Date "2024.12.27"]
[Round "2"]
[White "Aadwik, Abhinav Krishna"]
[Black "Satya, Swarup Tripathy"]
[Result "1-0"]
[WhiteElo "1647"]
[BlackElo "1476"]
[PlyCount "87"]
[EventDate "2024.12.27"]
[EventType "swiss"]
[EventRounds "11"]
[EventCountry "IND"]
[SourceTitle "CB02_2025"]
[SourceDate "2025.01.08"]
[SourceVersion "1"]
[SourceVersionDate "2025.01.08"]
[SourceQuality "1"]

1. e4 c5 2. Nf3 Nc6 3. d4 cxd4 4. Nxd4 Nf6 5. Nc3 g6 6. Be3 Bg7 7. Be2 0-0 8. 0-0 d6 9. h3 Bd7 10. Qd2 Rc8 11. Rad1 a6 12. a3 Ne8 13. Rfe1 Nxd4 14. Bxd4 Bxd4 15. Qxd4 Rc5 16. Kh1 e6 17. Qe3 Qh4 18. f4 f5 19. e5 Bc6 20. b4 Rxc3 21. Qxc3 Qxf4 22. Bf3 Bxf3 23. Qxf3 dxe5 24. Qxf4 exf4 25. Rxe6 Ng7 26. Red6 Nh5 27. Rd8 Ng3+ 28. Kg1 Rxd8 29. Rxd8+ Kf7 30. Rd7+ Ke6 31. Rxb7 Kd5 32. Ra7 Kd4 33. Rxa6 Ke3 34. Re6+ Ne4 35. b5 f3 36. gxf3 Kxf3 37. b6 Nc5 38. Re7 Kg3 39. Rc7 Na6 40. Rc3+ Kh4 41. b7 f4 42. Rc6 Nb8 43. Rc8 Na6 44. Ra8 1-0